Myrtle Beach Int. Airport Destinations (Myrtle Beach, SC, USA) - Statistics

General Stats
  • This quiz has been taken 107 times
    41 since last reset
  • The average score is 40 of 58
Answer Stats
Airline Destination % Correct
Delta Air Lines Atlanta
100%
Southwest Airlines/Spirit Airlines Baltimore
100%
American Airlines/American Eagle Charlotte
100%
Southwest Airlines Chicago (Midway)
100%
American Airlines/Spirit Airlines/United Airlines/United Express Chicago (O'Hare)
100%
American Airlines/American Eagle Dallas/Fort Worth
100%
Southwest Airlines Dallas (Love)
100%
American Eagle/Delta Air Lines/Delta Connection/Spirit Airlines New York (LaGuardia)
100%
American Eagle/Delta Air Lines/Spirit Airlines Boston
96%
Spirit Airlines/United Airlines/United Express Newark
96%
Southwest Airlines/United Airlines Denver
93%
Delta Air Lines/Spirit Airlines Detroit
93%
Delta Air Lines/Sun Country Airlines Minneapolis/St. Paul
93%
United Express Washington (Dulles)
93%
American Eagle Washington (National)
93%
Breeze Airways New Orleans
89%
American Airlines/American Eagle/Frontier Airlines Philadelphia
89%
Southwest Airlines Columbus (Glenn)
85%
Allegiant Air Columbus (Rickenbacker)
85%
Allegiant Air/Spirit Airlines Indianapolis
85%
Southwest Airlines/Spirit Airlines Nashville
85%
Spirit Airlines Orlando
85%
Allegiant Air Cincinnati
81%
Breeze Airways/Spirit Airlines Hartford
81%
Frontier Airlines/Spirit Airlines Cleveland
78%
Spirit Airlines Latrobe/Pittsburgh
78%
Allegiant Air/Southwest Airlines/Spirit Airlines Pittsburgh
78%
Breeze Airways Tampa
78%
Avelo Airlines Wilmington (DE)
78%
Spirit Airlines Fort Lauderdale
74%
Southwest Airlines/Spirit Airlines Kansas City
74%
Allegiant Air Grand Rapids
70%
Allegiant Air Albany
67%
Allegiant Air Belleville/St. Louis
67%
Breeze Airways Charleston (WV)
67%
Allegiant Air Harrisburg
67%
Allegiant Air/Spirit Airlines Louisville
67%
Breeze Airways Providence
67%
Southwest Airlines St. Louis
67%
Allegiant Air Syracuse
67%
Allegiant Air/Breeze Airways Akron/Canton
63%
Spirit Airlines Atlantic City
59%
Breeze Airways Rochester (NY)
59%
Avelo Airlines New Haven
56%
Allegiant Air Allentown
48%
Allegiant Air Fort Wayne
48%
Frontier Airlines Long Island/Islip
44%
Avelo Airlines/Breeze Airways Manchester (NH)
44%
Frontier Airlines Trenton
44%
Allegiant Air Lexington
37%
Breeze Airways White Plains
37%
Breeze Airways Wilkes-Barre/Scranton
37%
Allegiant Air Newburgh
22%
Allegiant Air Huntington
19%
Allegiant Air Plattsburgh
19%
Allegiant Air Niagara Falls
15%
Allegiant Air Hagerstown
11%
Allegiant Air Clarksburg
7%
No matching quizzes found
Score Distribution
Percent of People with Each Score
Percentile by Number Answered
Your Score History
You have not taken this quiz since the last reset